Quizzes
Events
Quiz Creation
Community
Videos
Private Events
Remove Ads
Sign In
Join for FREE
Feedback
Dark Mode
Quiz Categories
Sports
Geography
Music
Movies
Television
Just For Fun
Miscellaneous
History
Literature
Language
Science
Gaming
Entertainment
Religion
Holiday
For Kids
Quiz Lab
Recent
Popular Today
Quiz Kudos Today
Editor Picks
Curator Picks
Quizzes by...
Day
Popularity
Type
Ratings
Length
Year
Community
Subscriptions
Recent Discussions
Orange Saloon
Badges
Playlists
Quests
Create
Leaderboards
Showdown
Live 5
Trivia Bingo
Activity
Puzzle Library
Sporcle Events
Private Events
Virtual Trivia
Globe League
Become a Host
Pub Owners
SporcleCon
Opinionation
Our Games
Videos
Blog
Mobile Apps
Partnerships
Remove Ads and Go Orange
Feedback
Sports
Athletes
MLB
NBA
NHL
NFL
Soccer
Sports Teams
WWE
NCAA
Football
Premier League
Basketball
Baseball
Hockey
Golf
Tennis
Cricket
Rugby
Auto Racing
Olympics
World Cup
Sports
Athletes
MLB
NBA
NHL
NFL
Soccer
Sports Teams
WWE
NCAA
Football
Premier League
Basketball
Baseball
Hockey
Golf
Tennis
Cricket
Rugby
Auto Racing
Olympics
World Cup
Random Quiz
Search Sporcle
×
Quiz Lab
Quiz Lab
Sports
lead
Type in answers that appear in a list
Type in answers that appear in a list
Classic
Best Score? Go Orange.
F1 Drivers With a Grand Chelem Stats
Can you name the F1 Drivers With a Grand Chelem (Lead All Race and have Fastest Lap)?
By
cai10
13m
20 Questions
701 Plays
701 Plays
701 Plays
Comments
Comments
Give Quiz Kudos
Give Quiz Kudos
-
- Ratings
hide this ad
Replay
Link that replays current quiz
Next Quiz
Link to next quiz in quiz playlist
You Got
0%
They Got
Avg Score
72%
Avg Friend Score
Upgrade to see
Score Distribution
Jump to the score distribution portion of the page
Score
0/20
Timer
13:00
0
Plays Today
No. Of Grand Chelems
Driver
% Correct
= 5
Michael Schumacher
97.9%
= 4
Ayrton Senna
97%
= 2
Juan Manuel Fangio
91.4%
= 4
Nigel Mansell
89.9%
= 1
Damon Hill
88.6%
= 2
Mika Hakkinen
87%
8
Jim Clark
86%
= 4
Jackie Stewart
86%
= 5
Alberto Ascari
83.2%
= 1
Niki Lauda
81.9%
No. Of Grand Chelems
Driver
% Correct
3
Nelson Piquet
79.3%
= 1
Gilles Villeneuve
69.9%
= 2
Jack Brabham
68%
= 1
Stirling Moss
67.9%
= 1
Mike Hawthorn
61.5%
= 1
Gerhard Berger
60.1%
= 1
Jacky Ickx
47.6%
= 1
Clay Regazzoni
45.2%
= 1
Jacques Laffite
39.8%
= 1
Jo Siffert
28.8%
Quiz Playlist
Details
Report
Send in Message
Add To Playlist
Classic:
Type in answers that appear in a list
Last Updated: Feb 16, 2017
Quiz Scoreboard
CHALLENGE
Sign Up to Join the Scoreboard
Show All
Scores
Hide
Comments
May contain spoilers
Recently Published
Popular People in 1961
by mucciniale
History
6m
1-10 Letter E Words III
by El_Dandy
Language
2m
One Thing in Common: World Cities II
by knightlancer
Geography
7m
More to Explore
Quiz From the Vault
Featured Blog Post
Where Did the Easter Bunny Come From?
hide this ad
You Might Also Like...
Tags
chelem
Driver
F1 Drivers
fastest
grand
Grand Chelem
lap
lead
race
Today's Top Quizzes in Sports
Browse Sports
hide this ad
Today's Top Quizzes in lead
Browse lead
Top Contributed Quizzes in Sports
1
2022 World Cup Stars
2
Les entraîneurs de l'OM et du PSG au 21e siècle
3
FIFA Club World Cup Champions
4
Criteria MLB: Left Handed Sluggers
5
Les meilleurs buteurs des matchs entre le PSG et l’OM
6
Name the Premier League winners with different clubs
7
Players with Multiple 50 Home Run Seasons
8
MLB Players with Two .350 Batting Average Seasons
9
La finale Lions - Afrique du Sud 2021
10
MLB Hall of Famer by Rings
Explore More
Trending Topics
Crossword
Anime
Disney
Harry Potter
NBA
Marvel
Kpop
Puzzle
The Office
Country
Soccer
NFL
Pokémon
Song
WWE
hide this ad
More By:
cai10
Quiz
Plays
Rating
Category
Featured
Created
Formula 1 Pole Sitters 2000 - 2010
22,696
4.59
Sports
Dec 30, 2009
Formula 1 Fastest Lap Holders Since 2000
10,477
4.60
Sports
Dec 31, 2009
Formula 1 Pole Sitters 1990-99
4,147
4.50
Sports
Apr 10, 2010
Winners of the British Grand Prix
2,508
4.75
Sports
Feb 14, 2010
Top 200 FIFA World Rankings
2,095
3.00
Sports
Jul 17, 2010
Go to Creator's Profile
Score Distribution
Quiz Creator Spotlight
cai10
Follow
Send a Message
Quizzes Created
-
Created Quiz Play Count
-
More By This Creator
Popular Quizzes Today
1
Find the US States - No Outlines Minefield
2
The Countries of the World
3
Popular People in 1961
4
Find the Countries of Europe - No Outlines Minefield
5
1-10 Letter E Words III
6
Find the US States
7
One Thing in Common: World Cities II
8
US States
More Sports Quizzes
Boca Juniors Players 2022
Quiz Lab
Trending Quizzes
1-10 Letter F Words
One Thing in Common: Music
1-10 Letter G Words
Risky Map Clicking: Next State Alphabetically
1-10 Letter F Words II
Recently Updated
Leaping Animals
pecheneg
Reality TV Shows (A-Z)
bhenderson79
Rickey Henderson's Hall of Fame Teammates
pecheneg
Champions League XIs: Arsenal
pecheneg
Quick Pick: Celebrities in WWE's Hall of Fame
aduchscher
A-Z Keypad Blitz II
pecheneg
Multiple Oscar Actors
pecheneg
Mystery Phrase Blitz: Oscar 'Best Actors'
pecheneg
F. Scott Fitzgerald Novels
LTH
Pick 3 Villains
ddd62291
Trending Topics
Harry Potter
Crossword
NBA
Disney
Kpop
Marvel
Anime
WWE
Pokémon
Puzzle
Country
Song
NFL
The Office
Soccer
Your Account Isn't Verified!
In order to create a playlist on Sporcle, you need to verify the email address you used during registration. Go to your
Sporcle Settings
to finish the process.
Report this User
Report this user for behavior that violates our
Community Guidelines
.
Details:
Send Report
Go to the Sporcle.com Mobile Site →
Comments